| 000 | 00378nam a2200145Ia 4500 | ||
|---|---|---|---|
| 008 | 150128s9999 xx 000 0 und d | ||
| 020 | _a1593080514 | ||
| 050 |
_aCLA _bAI4i 2003 |
||
| 100 | _aAlighieri, Dante. | ||
| 245 | 4 | _aThe inferno / | |
| 250 | _aDante Alighieri. | ||
| 260 |
_aNew York: _bClassics Books, _c2003. |
||
| 300 |
_a302 pages : _c18 cm. |
||
| 650 | _xFiction. | ||
| 999 |
_c278871 _d278871 |
||